| 000 | 00480nam a22001697a 4500 | ||
|---|---|---|---|
| 003 | NUST - PNEC | ||
| 005 | 20170116180850.0 | ||
| 008 | 150825b xxu||||| |||| 00| 0 eng d | ||
| 020 | _a9788130922850 | ||
| 040 | _cLIBRARY | ||
| 082 | _a607.1054 PRA | ||
| 100 |
_95632 _a Prasad, V. R. K |
||
| 245 |
_aEffective HRM practices perspectives on engineering education in India _cV. R. K, Prasad |
||
| 260 | _cc 2013 | ||
| 650 |
_95634 _aPersonnel management _xMIS |
||
| 942 |
_2ddc _cBK |
||
| 999 |
_c64568 _d64568 |
||